MARC

LEADER 00000nas1a2200000 4500
001 162495
005 20250109063127.0
011 |a 1684-8519  |f 2313-6901 
035 |a (RuTPU)RU\TPU\book\176237 
035 |a RU\TPU\book\43391 
090 |a 162495 
100 |a 20090623b19982015k||y0rusy50 ca 
101 0 |a rus 
102 |a RU 
110 |a afaz|||0uu0 
200 1 |a Известия Томского политехнического университета [Известия ТПУ]  |f Томский политехнический университет 
210 |a Томск  |c Изд-во ТПУ  |d 1998-2015 
305 |a Издается с 1903 г. 
430 1 |0 185308  |t Известия Томского политехнического института [Известия ТПИ]  |f Томский политехнический институт (ТПИ)  |c Томск  |d 1944-1977  |9 185308  |a Томский политехнический институт  |n Изд-во ТПИ 
440 1 |0 327724  |x 2500-1019  |t Известия Томского политехнического университета [Известия ТПУ]. Инжиниринг георесурсов  |l Bulletin of the Tomsk Polytechnic University. Geo Assets Engineering  |f Национальный исследовательский Томский политехнический университет (ТПУ)  |c Томск  |n Изд-во ТПУ  |d 2015-   |9 327724  |a Национальный исследовательский Томский политехнический университет 
453 1 |0 156726  |t Bulletin of the Tomsk Polytechnic University  |c Tomsk  |n TPU Press  |d 2006-2007  |9 156726  |a National Research Tomsk Polytechnic University  |l Известия Томского политехнического университета  |x 1684-8519 
531 |a Известия ТПУ 
606 |a Научно-технический потенциал  |9 64427 
675 |a 62  |v 4  |z rus 
712 0 2 |a Томский политехнический университет  |c (1991-2009)  |7 ca  |8 rus  |3 (RuTPU)RU\TPU\col\376  |9 23382 
801 1 |a RU  |b 63413507  |c 20020816  |g PSBO 
801 2 |a RU  |b 63413507  |c 20231011  |g PSBO 
942 |c CR